Sports equipments / (Record no. 45279)

MARC details
000 -LEADER
fixed length control field 00701nam a22001937a 4500
005 - DATE AND TIME OF LATEST TRANSACTION
control field 2010091300060.0
020 ## - INTERNATIONAL STANDARD BOOK NUMBER
International Standard Book Number 9788178804996
Terms of availability 800.00
037 ## - SOURCE OF ACQUISITION
Source of stock number/acquisition Pansy Books
082 ## - DEWEY DECIMAL CLASSIFICATION NUMBER
Classification number 796.028
100 ## - MAIN ENTRY--PERSONAL NAME
Personal name John, Samuel
245 ## - TITLE STATEMENT
Title Sports equipments /
Statement of responsibility, etc by Samuel John
260 ## - PUBLICATION, DISTRIBUTION, ETC. (IMPRINT)
Place of publication, distribution, etc New Delhi
Name of publisher, distributor, etc Rajat Publications
Date of publication, distribution, etc 2010
270 ## - ADDRESS
Address 4675/21, Ansari Road, Daryaganj
City New Delhi
Postal code 110002
300 ## - PHYSICAL DESCRIPTION
Extent 272p.
Dimensions 24cm(Hb)
500 ## - GENERAL NOTE
General note Includes bibligraphical references and index
942 ## - ADDED ENTRY ELEMENTS (KOHA)
Source of classification or shelving scheme Dewey Decimal Classification
Item type English Books
Classification part 796.028
Call number suffix JOH
Holdings
Withdrawn status Lost status Not for loan Collection code Home library Current library Date acquired Cost, normal purchase price Full call number Copy number Cost, replacement price Koha item type
    Ordered Non-fiction Andrews Gunj Andrews Gunj 13/09/2010 800.00 796.028 JOH 1 800.00 English Books

© Delhi Public Library
Hit Counter
free hit counter